000 00521cam a2200145 4500
001 ABS61000
008 000000n1999 000 0 eng u
035 _a(Sirsi) u101554
245 _aULI 1999 Real Estate Forecast
260 _c1999
490 _aUrban Land
_v'Supplement' May 1999(56)(LOAN)
520 _aSupplement looking at trends in the American real estate market. Covers capital markets, office, industrial, retail, hotel and residential sectors. Statistics.
690 _aOVERSEAS-NORTH AMERICA
942 _n0
999 _c60686
_d60686